Sanat - Mitä kuuluu - Ellimei - Statistics

Yleistilastot
  • Tätä visaa on pelattu 55 kertaa
  • Keskiarvotulos 140 / 277
Vastaustilastot
Vastaus % Oikein
Elli
94%
mitä
94%
Mitä
94%
ku
91%
kuuluu
91%
82%
ja
76%
ei
73%
Moi
73%
on
73%
oo
73%
pyykit
73%
sinulle
73%
vai
73%
jo
70%
kiitos
70%
kysymästä
70%
No
70%
no
70%
pesemättä
70%
tää
70%
taas
70%
67%
väsynyt
67%
tästä
64%
vaikka
64%
eiköhän
61%
en
61%
kun
61%
oot
61%
mul
55%
vähissä
55%
voimat
55%
et
52%
joo
52%
kahvi
52%
keittämättä
52%
ootko
52%
sää
52%
saa
52%
tänään
52%
Tänään
52%
vaan
52%
aika
48%
kieltämättä
48%
aikuisuus
45%
kysyt
45%
menemättä
45%
meni
45%
mitään
45%
mun
45%
muut
45%
olla
45%
päätin
45%
ulos
45%
kiinni
42%
sun
42%
vaikeaa
42%
etten
39%
mis
39%
mut
39%
parempaa
39%
rakas
39%
saan
39%
hätää
36%
kysyit
36%
mistään
36%
pitää
36%
sitä
36%
tuntuu
36%
äänes
33%
Että
33%
että
33%
jos
33%
just
33%
kiva
33%
kyllä
33%
nää
33%
pimeessä
33%
sut
33%
Älä
30%
elämästä
30%
ihan
30%
kaikki
30%
linjalla
30%
osaa
30%
päässä
30%
pelottaa
30%
riittää
30%
sanoo
30%
kotiini
27%
muuttuu
27%
onneks
27%
puhelun
27%
tarvii
27%
tsemppiä
27%
tyhjään
27%
vastaa
27%
aina
24%
alan
24%
eilen
24%
hetkes
24%
huoli
24%
leikkii
24%
meren
24%
ollenkaan
24%
rannassa
24%
soitan
24%
takas
24%
tykkäämään
24%
heti
21%
kaupassa
21%
kuinka
21%
kuulen
21%
lenkin
21%
pääni
21%
pimeää
21%
romahdan
21%
tarvitaan
21%
teet
21%
imuroitko
18%
itteensä
18%
kämpän
18%
kävin
18%
keikalla
18%
kotona
18%
niin
18%
paljon
18%
pysähtyy
18%
pystyin
18%
rappukäytävässä
18%
siellä
18%
suorittaa
18%
tein
18%
vois
18%
istun
15%
juosta
15%
kilsaa
15%
miettimässä
15%
missä
15%
monta
15%
näin
15%
rakastaa
15%
siivoomaan
15%
täytyy
15%
vielä
15%
olekko
12%
Elii
6%
Ehtoja vastaavia visoja ei löytynyt
Tulosjakauma
Jokaisen tuloksen saaneiden osuus
Persentiili vastausten määrän mukaan
Tuloshistoriasi
Et ole pelannut tätä visaa